Руководство к лабораторным работам по курсу "Металлорежущие станки": учебное пособие

Bibliographische Detailangaben
Weitere Verfasser: Петруха П. Г. Петр Григорьевич (редактор)
Sprache:Russisch
Veröffentlicht: Москва, Высшая школа, 1973
Schlagworte:
Format: MixedMaterials Buch
KOHA link:https://koha.lib.tpu.ru/cgi-bin/koha/opac-detail.pl?biblionumber=172723

MARC

LEADER 00000nam0a2200000 4500
001 172723
005 20231031164343.0
035 |a (RuTPU)RU\TPU\book\187301 
090 |a 172723 
100 |a 20091215d1973 m y0rusy50 ca 
101 0 |a rus 
102 |a RU 
105 |a a j 001zy 
200 1 |a Руководство к лабораторным работам по курсу "Металлорежущие станки"  |e учебное пособие  |f под ред. П. Г. Петрухи 
210 |a Москва  |c Высшая школа  |d 1973 
215 |a 152 с.  |c ил. 
320 |a Библиогр.: с. 151. 
610 1 |a металлорежущие станки 
610 1 |a правила 
610 1 |a техника безопасности 
610 1 |a лабораторные работы 
610 1 |a учебная геологическая практика 
610 1 |a учебные пособия 
675 |a 621.91.01(076.5)  |v 3 
702 1 |a Петруха  |b П. Г.  |g Петр Григорьевич  |4 340 
801 1 |a RU  |b 63413507  |c 20091215 
801 2 |a RU  |b 63413507  |c 20230221  |g RCR 
942 |c BK